Introducción a la investigación en medios masivos de comunicación
Gardado en:
| Main Authors: | , |
|---|---|
| Formato: | Libro |
| Idioma: | Lingua castelá |
| Publicado: |
Cuernavaca
International Thomson Editores
2001
|
| Edición: | 6a. ed |
| Subjects: | |
| Tags: |
Engadir etiqueta
Sen Etiquetas, Sexa o primeiro en etiquetar este rexistro!
|
MARC
| LEADER | 00000nam a2200000 a 4500 | ||
|---|---|---|---|
| 001 | UCG2062 | ||
| 003 | CL-VaPUC | ||
| 008 | 100610e20010000MX |||||||||||||||||spa|d | ||
| 020 | |a 9706860290 | ||
| 082 | 0 | 4 | |a 302.23 |b WIM |2 21 |
| 100 | 0 | |a Wimmer, Roger D |e author |9 550306 | |
| 700 | 0 | |a Dominick, Joseph R |e author |9 550307 | |
| 245 | 1 | 0 | |a Introducción a la investigación en medios masivos de comunicación |
| 250 | |a 6a. ed | ||
| 300 | |a 500 p | ||
| 942 | |c BK | ||
| 945 | |d 20100610 00:00:00 |a dcastane | ||
| 260 | |a Cuernavaca |b International Thomson Editores |c 2001 | ||
| 650 | 0 | |a Medios de comunicación de masas |9 257273 | |
| 650 | 0 | |a Ciencias sociales |v Investigación |9 307767 | |
| 583 | |a last modification |c 20141114 05:16:24 |k Rodrigo Vera | ||
| 999 | |c 341302 |d 341300 | ||
| 952 | |0 0 |1 0 |4 0 |6 302_230000000000000_WIM_2001 |7 0 |8 A |9 436682 |a BIBCUR |b BIBCUR |d 2019-11-22 |i 4682726 |o 302.23 WIM 2001 |p 4682726 |r 2025-04-22 |w 2019-11-22 |y BK |k PER | ||